000 00713nam a2200229 a 4500
005 20191224041713.0
008 140312s1995 ck a gr|||| 00| 0 spa d
040 _aCO-BoIAVH
_cCO-BoIAVH
041 _aspa
044 _ack
090 _aEA
_b333
100 1 _aRomán , Celso
245 1 0 _aUnidos por el ambiente :
_bcartilla de educación ambiental N° 1
260 _aBogotá :
_bOCENSA,
_c1995.
300 _a23 páginas :
_bIlustraciones ;
_c28 x 21 cm.
650 6 _aGuías ambientales
650 6 _aParticipación Ciudadana y Educacion Ambiental
650 6 _aPetróleo
700 1 _aCalle, Fernando
700 1 _a Segura, Ana Milena de
942 _cFolleto
_2z
999 _c3786
_d3786